|
|
|
|
| LEADER |
00000nam0a2200000 4500 |
| 001 |
323327 |
| 005 |
20231102003547.0 |
| 010 |
|
|
|b 4000 экз.
|
| 035 |
|
|
|a (RuTPU)RU\TPU\book\348911
|
| 090 |
|
|
|a 323327
|
| 100 |
|
|
|a 20161017d1925 m y0rusy50 ca
|
| 101 |
0 |
|
|a rus
|
| 102 |
|
|
|a RU
|
| 105 |
|
|
|a af z 000zy
|
| 200 |
1 |
|
|a Краткое руководство по НОТ
|f К. Ситников
|
| 210 |
|
|
|a Свердловск
|c [Б. и.]
|d 1925
|
| 215 |
|
|
|a 51 с., [1] вкл. л.
|c ил.
|
| 225 |
1 |
|
|a Библиотека Пермской железной дороги
|h Кн. 3
|
| 316 |
|
|
|5 63413507: М-132151
|a На обложке и титульном листе владельческая подпись: "Бутаков"
|
| 317 |
|
|
|5 63413507: М-132151
|a Поступила в НТБ в 1970 г. в составе книжного собрания профессора ТПИ И. Н. Бутакова
|
| 606 |
1 |
|
|a НОТ (научная организация труда)
|2 stltpush
|3 (RuTPU)RU\TPU\subj\36531
|9 57875
|
| 610 |
1 |
|
|a владельческая надпись
|
| 610 |
1 |
|
|a библиотека И. Н. Бутакова
|
| 610 |
1 |
|
|a трудовое право
|
| 610 |
1 |
|
|a железнодорожники
|
| 610 |
1 |
|
|a управление предприятием
|
| 610 |
1 |
|
|a управление персоналом
|
| 610 |
1 |
|
|a управление качеством
|
| 675 |
|
|
|a 658.310.3
|v 4
|
| 700 |
|
1 |
|a Ситников
|b К.
|
| 801 |
|
1 |
|a RU
|b 63413507
|c 20161017
|
| 801 |
|
2 |
|a RU
|b 63413507
|c 20190723
|g RCR
|
| 942 |
|
|
|c BK
|